1780 1969 1684 1065 1722 1825 1064 1651 1377 1616 1396 1896 1415 1808 1462 1843 1777 1137 1263 1083 1393 1491 1257 1487 1380 1770 1750 1605 1943 1192 1854 1647 1847 1090 1988 1094 1082 1839 1726 1975 1428 1883 1409 1341 1902 1757 1569 1385 1189 1526 1650 1558 1205 1071 1723 1037 1790 1327 1408 1551 1202 1064 1712 1187 1926 1077 1333 1308 1032 1469 1426 1906 1426 1416 1902 1143 1274 1876 1658 1888 1777 1160 1600 1648 1849 1388 1623 1492 1526 1885 1875 1531 1236 1135 1470 1478 1988 1356 1106 BCNSPRNW ULIB Ver.6.0+V

เปลี่ยนเป็นภาษาไทย

Change to English
 แสดงรายละเอียดบรรณานุกรม
  กลับหน้าหลัก

Brief Record : Get Marc (ISO 2709) : E-mail record : QR code < ปิดหน้าต่าง
LEADER : 00000nam 2200000uu 4500
001    13399121448
003     ULIB
008    121120s2549||||th 000 0 tha d
020    ^a9747155931
020    ^a9789747155938
090    ^aรส.^bอ964ส 2549
100 0  ^aโอปอล์ ประภาวดี
245 10 ^aสะพานไม้ :^bเรื่องราวจากบางร่างกายและจิตใจที่อาจไม่สมบูรณ์พร้อมแต่ยอมพลีกายถวายใจทอดตัวเป็นสะพานไม้ให้เพื่อนผู้พิการได้ก้าวข้าม /^cโอปอล์ ประภาวดี
250    ^aพิมพ์ครั้งที่ 1
260    ^aนนทบุรี :^bแผนงานสร้างเสริมสุขภาพคนพิการในสังคมไทย,^c2549
300    ^a143 หน้า :^bภาพประกอบสี ;^c19 ซม.
440  0 ^aสารคดีชุดประสบการณ์ชีวิตคนพิการ ;^vลำดับที่ 3
650  4 ^aคนพิการ^vรวมเรื่อง
653    ^aOpen Your Eyes Project
945    ^p0^l0^i24890
995    ^aกัณชพร
999 ^a กัณชพร
รายการนี้ยังไม่มีแท็ก
คุณยังไม่ได้ล็อกอิน คุณสามารถมีกิจกรรมร่วมกับเว็บไซต์ได้ แต่ต้องล็อกอินก่อน ::
  ล็อกอิน

รายการสื่อสารสนเทศ

ลำดับที่ ประเภท เลขเรียก/บาร์โค้ด สถานที่ สถานะ
1. นวนิยาย
นวนิยาย
รส. อ964ส 2549  
  Barcode: 24890
ห้องสมุดวิทยาเขตสวรรค์ประชารักษ์
►นวนิยาย
บนชั้น
  ขอยืม

รายการใกล้เคียง
    ผู้แต่ง [โอปอล์ ประภาวดี]

BibComment


ยังไม่เคยถูกคอมเมนท์

คอมเมนท์ทรัพยากรรายการนี้
  คอมเมนท์: สะพานไม้ เรื่อง..


 Copyright 2026. Bcnsprnw @Library